| 000 | 00580nam a2200229Ia 4500 | ||
|---|---|---|---|
| 001 | 1625 | ||
| 003 | GE_BSU | ||
| 008 | 181216s||||||||xx |||||||||||||| ||und|| | ||
| 020 | _a5724502453 | ||
| 040 | _cGE_BSU | ||
| 080 | _a665.6(075.8) | ||
| 245 | _aХимия нефти и газа. | ||
| 245 | _bУчебник для вузов. | ||
| 245 | _cПод ред. А.Е.Драбкина. | ||
| 260 | _aЛ. | ||
| 260 | _bХимия. | ||
| 260 | _c1989. | ||
| 300 | _a422 стр. 21 см. | ||
| 541 | _h12 л. | ||
| 653 | _aХимия нефти и газа. | ||
| 942 | _cBK | ||
| 999 |
_c35746 _d35746 |
||